Vplyv manažmentu znalostí pri implementácii programových a informačných technológií v podniku bakalárska práca

Na minha lista:
Detalhes bibliográficos
Autor principal: Leško, Jakub
Autor Corporativo: Podnikovohospodárska fakulta EU so sídlom v Košiciach. Katedra manažmentu
Outros Autores: Dugas, Jaroslav, 1967-
Formato: Livro
Idioma:eslovaco
Publicado em: Košice 2014
Tags: Adicionar Tag
Sem tags, seja o primeiro a adicionar uma tag!

MARC

LEADER 00000nbm a2200000 4500
001 0189059
005 20170201084650.6
041 0 |a slo 
044 |a SK 
245 1 0 |a Vplyv manažmentu znalostí pri implementácii programových a informačných technológií v podniku  |b bakalárska práca  |c Jakub Leško ; školiteľ: Jaroslav Dugas 
264 1 |a Košice  |c 2014 
300 |a 44 s. 
100 1 |a Leško, Jakub 
700 1 |a Dugas, Jaroslav, 1967- 
710 2 |a Podnikovohospodárska fakulta EU so sídlom v Košiciach. Katedra manažmentu